| 000 | 00947nam a22003017a 4500 | ||
|---|---|---|---|
| 003 | CHAP | ||
| 005 | 20220329143713.0 | ||
| 008 | 110309s1992 us a r 00010 eng d | ||
| 010 | _a100612 | ||
| 011 | _a101584 | ||
| 020 | _a0830630155 | ||
| 035 | _a112272 | ||
| 040 | _cCHAP | ||
| 082 | 0 | 4 |
_a546 _bH36 |
| 100 | 1 |
_aHeiserman, David L. _953381 |
|
| 245 | 1 | 0 |
_aExploring chemical elements and their compounds _c/por David L. Heiserman |
| 260 |
_aBlue Ridge Summit, PA : _bTab Books, , _c1992 |
||
| 300 |
_avii, 376 p. : _bilus. |
||
| 590 |
_aBATCH-UPD _b10 _c20130110 _lUCH01 _h0922 |
||
| 590 |
_aBATCH-UPD _b10 _c20130410 _lUCH01 _h0544 |
||
| 590 |
_aBATCH-UPD _b10 _c20130914 _lUCH01 _h1256 |
||
| 590 |
_aCONVERSION _b10 _c20130109 _lUCH01 _h1355 |
||
| 650 | 1 | 4 |
_aElementos químicos. _936261 |
| 650 | 1 | 4 |
_aQuímica inorgánica. _993593 |
| 901 | _aBK | ||
| 942 | _cLIBRO | ||
| 949 |
_a546 H36 _bBC _cLIBRO _d33724002231215 _eLIBRO _h114344 _i112272 _sb |
||
| 999 |
_c100612 _d100612 |
||